Awang Vampiro

Bibliographic Details
Main Author: Nizam Zakaria (Author)
Format: Book
Language:Malay
Published: Kuala Lumpur : Kaki Novel Enterprise 2008
Subjects:

MARC

LEADER 00000cam a2200000 7i4500
001 0000030785
005 20240910.0
008 240318 my may
020 |a 9789675067051 (paperback) 
040 |a INS   |b eng   |e rda 
090 0 0 |a PL5186.N59   |b .A93 2008 
100 0 |a Nizam Zakaria ,   |e author 
245 1 0 |a Awang Vampiro   |c nizam zakaria 
264 1 |a Kuala Lumpur :   |b Kaki Novel Enterprise   |c 2008 
300 |a 537 pages ;   |c 19 cm. 
336 |a text  |2 rdacontent 
337 |a unmediated  |2 rdamedia 
338 |a volume  |2 rdacarrier 
650 0 |a Malay fiction 
650 0 |a Malaysian fiction (Malay) 
999 |a 0000025098   |b BOOK   |c Open Shelf   |e Default branch